000 00308nam a2200121 i 4500
001 bg
245 0 _aPolsko-angielski i angielsko-polski słowniczek miar i wag z przelicznikami.
260 _aWarszawa,
_c1986.
040 _cBPK
041 _apol
942 _cKS
008 s pl f |000 0 pol
999 _c23417
_d23417
856 _uhttp://koha.tu.koszalin.pl/cgi-bin/koha/opac-detail.pl?biblionumber=23417
_yKatalog online BPK